Quizzes
Events
Quiz Creation
Community
Videos
Private Events
Remove Ads
Sign In
Join for FREE
Feedback
Dark Mode
Quiz Categories
Sports
Geography
Music
Movies
Television
Just For Fun
Miscellaneous
History
Literature
Language
Science
Gaming
Entertainment
Religion
Holiday
For Kids
Quiz Lab
Recent
Popular Today
Quiz Kudos Today
Editor Picks
Curator Picks
Quizzes by...
Day
Popularity
Type
Ratings
Length
Year
Community
Subscriptions
Recent Discussions
Orange Saloon
Badges
Playlists
Quests
Create
Leaderboards
Showdown
Live 5
Trivia Bingo
Activity
Puzzle Library
Sporcle Events
Private Events
Virtual Trivia
Globe League
Become a Host
Pub Owners
SporcleCon
Opinionation
Our Games
Videos
Blog
Mobile Apps
Partnerships
Remove Ads and Go Orange
Feedback
Sports
Athletes
MLB
NBA
NHL
NFL
Soccer
Sports Teams
WWE
NCAA
Football
Premier League
Basketball
Baseball
Hockey
Golf
Tennis
Cricket
Rugby
Auto Racing
Olympics
World Cup
Sports
Athletes
MLB
NBA
NHL
NFL
Soccer
Sports Teams
WWE
NCAA
Football
Premier League
Basketball
Baseball
Hockey
Golf
Tennis
Cricket
Rugby
Auto Racing
Olympics
World Cup
Random Quiz
Search Sporcle
×
Quiz Lab
Quiz Lab
Sports
Soccer
Type in answers that appear in a list
Type in answers that appear in a list
Classic
Best Score? Go Orange.
EFL Cup Last 4 Stats
Can you name the last 4 of the EFL Cup for the last 12 years of the competition?
By
footyaccums
7m
48 Questions
4,774 Plays
4,774 Plays
4,774 Plays
Comments
Comments
Give Quiz Kudos
Give Quiz Kudos
-
- Ratings
hide this ad
Replay
Link that replays current quiz
Next Quiz
Link to next quiz in quiz playlist
You Got
0%
They Got
Avg Score
82%
Avg Friend Score
Upgrade to see
Score Distribution
Jump to the score distribution portion of the page
Score
0/48
Timer
07:00
0
Plays Today
Season
Club
% Correct
2017/
18
Manchester City
98.9%
2015/
16
Manchester City
98.9%
2013/
14
Manchester City
98.9%
2011/
12
Manchester City
98.9%
2009/
10
Manchester City
98.9%
2016/
17
Manchester United
98.7%
2013/
14
Manchester United
98.7%
2009/
10
Manchester United
98.7%
2008/
09
Manchester United
98.7%
2017/
18
Arsenal
98.4%
2010/
11
Arsenal
98.4%
2007/
08
Arsenal
98.4%
2006/
07
Arsenal
98.4%
2017/
18
Chelsea
98.2%
2014/
15
Chelsea
98.2%
2012/
13
Chelsea
98.2%
2007/
08
Chelsea
98.2%
2006/
07
Chelsea
98.2%
2014/
15
Tottenham
97.2%
2008/
09
Tottenham
97.2%
2007/
08
Tottenham
97.2%
2006/
07
Tottenham
97.2%
2016/
17
Liverpool
96.9%
2015/
16
Liverpool
96.9%
Season
Club
% Correct
2014/
15
Liverpool
96.9%
2011/
12
Liverpool
96.9%
2015/
16
Everton
90.3%
2007/
08
Everton
90.3%
2012/
13
Aston Villa
82.8%
2016/
17
Southampton
82.7%
2012/
13
Swansea City
80.1%
2013/
14
West Ham
79.8%
2010/
11
West Ham
79.8%
2013/
14
Sunderland
75.8%
2010/
11
Birmingham City
74.5%
2011/
12
Cardiff City
70.3%
2009/
10
Aston Villa
68.2%
2012/
13
Bradford City
62.6%
2011/
12
Crystal Palace
60%
2015/
16
Stoke City
59.4%
2008/
09
Derby
56.9%
2009/
10
Blackburn
52.2%
2008/
09
Burnley
51.2%
2016/
17
Hull City
50.8%
2014/
15
Sheffield United
43.8%
2017/
18
Bristol City
43%
2010/
11
Ipswich Town
38.3%
2006/
07
Wycombe Wanderers
10.5%
Quiz Playlist
Details
Report
Send in Message
Add To Playlist
Classic:
Type in answers that appear in a list
Last Updated: Dec 19, 2018
Quiz Scoreboard
CHALLENGE
Sign Up to Join the Scoreboard
Show All
Scores
Hide
Comments
May contain spoilers
Recently Published
College Basketball Coaching Resumes
by pancakes188
Sports
9m
Billboard Blitz: Fleetwood Mac
by CooCooCachoo
Music
15s
Presidents Visiting Landmarks
by Hejman
History
7m
More to Explore
Quiz From the Vault
Featured Blog Post
Where Did the Easter Bunny Come From?
hide this ad
You Might Also Like...
Tags
Football Quiz
Soccer Quiz
Barclays Premier
EFL
English Soccer
FA Premier
FA Premiership
Football Clubs
Football League
Liverpool
Manchester City
Manchester United
Today's Top Quizzes in Sports
Browse Sports
hide this ad
Today's Top Quizzes in Soccer
Browse Soccer
Top Contributed Quizzes in Sports
1
Les meilleurs buteurs des matchs entre le PSG et l’OM
2
2022 World Cup Stars
3
FIFA Club World Cup Champions
4
Les entraîneurs de l'OM et du PSG au 21e siècle
5
Criteria MLB: Left Handed Sluggers
6
AFC Teams Reveal (Wrong Answers Minefield)
7
5-to-1: UK Sports Teams
8
Name the Premier League winners with different clubs
9
5-to-1: FBS Animal Nicknames
10
Players with Multiple 50 Home Run Seasons
Explore More
Trending Topics
Kpop
Harry Potter
Disney
Crossword
Anime
NBA
Marvel
Song
The Office
Puzzle
Soccer
Pokémon
WWE
NFL
Country
hide this ad
More By:
footyaccums
Quiz
Plays
Rating
Category
Featured
Created
FIFA 19 Ratings
14,754
3.67
Sports
Sep 13, 2018
Top 100 Premier League Goalscorers
12,886
3.83
Sports
Aug 15, 2018
Sheikh Mansour Manchester City Signings
11,012
4.33
Sports
Aug 31, 2018
Real Madrid's Premier League Signings
10,616
4.38
Sports
Oct 11, 2018
Every England player to score under Gareth Southgate
9,341
5.00
Sports
Sep 10, 2018
Go to Creator's Profile
Score Distribution
Quiz Creator Spotlight
footyaccums
Follow
Send a Message
Quizzes Created
-
Created Quiz Play Count
-
More By This Creator
Popular Quizzes Today
1
Find the US States - No Outlines Minefield
2
Find the Countries of Europe - No Outlines Minefield
3
The Countries of the World
4
Find the US States
5
Risky Map Clicking: Biggest States A-Z
6
US States
7
Popular People in 1961
8
Movies - When Are They Set?
More Sports Quizzes
Every FBS College Football Team (Updated 5/31/23)
Quiz Lab
Trending Quizzes
Risky Map Clicking: Least Populous States A-Z
1-10 Letter G Words
1-10 Letter F Words
Risky Map Clicking: Next State Alphabetically
Click the Washington State Counties! (Map)
Recently Updated
Leaping Animals
pecheneg
Reality TV Shows (A-Z)
bhenderson79
Rickey Henderson's Hall of Fame Teammates
pecheneg
Champions League XIs: Arsenal
pecheneg
Quick Pick: Celebrities in WWE's Hall of Fame
aduchscher
A-Z Keypad Blitz II
pecheneg
Multiple Oscar Actors
pecheneg
Mystery Phrase Blitz: Oscar 'Best Actors'
pecheneg
F. Scott Fitzgerald Novels
LTH
Pick 3 Villains
ddd62291
Trending Topics
Kpop
Harry Potter
Anime
NBA
Marvel
Crossword
Disney
WWE
NFL
Song
Pokémon
Soccer
Puzzle
Country
The Office
Your Account Isn't Verified!
In order to create a playlist on Sporcle, you need to verify the email address you used during registration. Go to your
Sporcle Settings
to finish the process.
Report this User
Report this user for behavior that violates our
Community Guidelines
.
Details:
Send Report
Go to the Sporcle.com Mobile Site →
Comments